| 000 | 01073nam a2200241 a 4500 | ||
|---|---|---|---|
| 001 | 001124141 | ||
| 003 | AM-YEHGA | ||
| 005 | 20250618080116.0 | ||
| 008 | 160118s1965 le abefgr|||||||||0|eng|d | ||
| 040 | _aAM-YeHGA | ||
| 041 | 0 | _aeng | |
| 100 | 1 |
_aLynch, Harry Finnis Blosse, _d1862-1913 |
|
| 245 | 1 | 0 |
_aArmenia : _bTravels and studies: In two volumes : with 197 illustrations, reproduced from photographs and sketches by the author, numerous maps and plans, a bibliography, and a map of Armenia and adjacent countries // _cby H.F.B. Lynch. |
| 260 |
_aBeirut : _bKhayats, _c1965. |
||
| 300 |
_avolume : _bcol. frontispieces, ill., pl. (some color, some folded) maps (some folded) folded plans ; _c25 cm. |
||
| 440 | 0 |
_aKhayats Oriental Reprints _v№ 15 |
|
| 505 | 0 | 0 |
_gVol. 1 (1965; xii, 470 p.: ill., maps (some folded)) : _tThe Russian provinces ; _gVol. 2 (1965; vii, 512 p.: ill.) : _tThe Turkish provinces |
| 650 | 1 | 4 |
_aHistory _zArmenia _94954 |
| 650 | 1 | 4 |
_aGeography _zArmenia |
| 651 | 1 | 4 |
_aArmenia _xDescription and travel |
| 942 |
_2udc _cBK |
||
| 090 | _c565584 | ||
| 999 |
_c527478 _d527478 |
||